Normal view
MARC view
Entry Corporate Name
001 - CONTROL NUMBER
- control field: 637594
003 - CONTROL NUMBER IDENTIFIER
- control field: OSt
005 - DATE AND TIME OF LATEST TRANSACTION
- control field: 20221005130109.0
008 - FIXED-LENGTH DATA ELEMENTS
- fixed length control field: 221005|| aca||aabn | a|a d
040 ## - CATALOGING SOURCE
- Original cataloging agency: OSt
- Transcribing agency: OSt
110 ## - HEADING--CORPORATE NAME
- Corporate name or jurisdiction name as entry element: UNITED KINGDOM, VICE-CHANCELLORS and Principals of the Universities(Committee of--)
670 ## - SOURCE DATA FOUND
- Source citation: Work cat.: (OSt)1056088: UNITED KINGDOM, VICE-CHANCELLORS and Principals of the Universities(Committee of--), Quinquennium 1962-67 , 1967
